000
00240nam a2200097Ia 4500
001
1152249
005
20250827011103.0
008
250824s9999 xx 000 0 und d
245
0
_a
İNTİKAM
_c
KAHRAMAN TAZEOĞLU
260
_b
DESTEK YAYINLARI
999
_c
1152249
_d
1152249